| 000 | nam a22 7a 4500 | ||
|---|---|---|---|
| 999 |
_c128028 _d128028 |
||
| 008 | 180801b xxu||||| |||| 00| 0 eng d | ||
| 050 |
_aB3316. _bN55 |
||
| 100 |
_aNietzsche, Friedrich _941788 |
||
| 245 |
_aOn the genealogy of morals and ecce homo _cFriedrich Nietzsche |
||
| 300 |
_a367p. ; _c18cm. |
||
| 942 |
_2lcc _cMONOGRAPH |
||